| 000 | 00526nam a2200169 a 4500 | ||
|---|---|---|---|
| 001 | 000035673 | ||
| 005 | 20200930074523.0 | ||
| 008 | 111108s2011 dr 000 0 spa d | ||
| 020 | _a9789945164176 | ||
| 040 |
_aDO-SdBNP _bspa _cBNPHU |
||
| 100 | 1 |
_aHernández Abad, Adriano _91160 |
|
| 245 | 1 | 0 |
_aBoca de diablo y corazón de Dios / _cAdriano Hernández Abad. |
| 260 |
_aSanto Domingo : _bEditora Búho, _c2011. |
||
| 300 |
_a195 p. ; _c23 cm. |
||
| 500 | _aIncluye datos biográficos del autor en la solapa | ||
| 049 | _aBNPD | ||
| 999 |
_c35164 _d35164 |
||